<?xml version="1.0" encoding="UTF-8"?><?xml-stylesheet type="text/xsl" href="static/style.xsl"?><OAI-PMH xmlns="http://www.openarchives.org/OAI/2.0/" xmlns:xsi="http://www.w3.org/2001/XMLSchema-instance" xsi:schemaLocation="http://www.openarchives.org/OAI/2.0/ http://www.openarchives.org/OAI/2.0/OAI-PMH.xsd"><responseDate>2026-04-28T01:57:45Z</responseDate><request verb="GetRecord" identifier="oai:uvadoc.uva.es:10324/3306" metadataPrefix="marc">https://uvadoc.uva.es/oai/request</request><GetRecord><record><header><identifier>oai:uvadoc.uva.es:10324/3306</identifier><datestamp>2021-06-23T11:46:34Z</datestamp><setSpec>com_10324_1182</setSpec><setSpec>com_10324_931</setSpec><setSpec>com_10324_894</setSpec><setSpec>col_10324_1393</setSpec></header><metadata><record xmlns="http://www.loc.gov/MARC21/slim" xmlns:doc="http://www.lyncode.com/xoai" xmlns:xsi="http://www.w3.org/2001/XMLSchema-instance" xmlns:dcterms="http://purl.org/dc/terms/" xsi:schemaLocation="http://www.loc.gov/MARC21/slim http://www.loc.gov/standards/marcxml/schema/MARC21slim.xsd">
<leader>00925njm 22002777a 4500</leader>
<datafield tag="042" ind1=" " ind2=" ">
<subfield code="a">dc</subfield>
</datafield>
<datafield tag="720" ind1=" " ind2=" ">
<subfield code="a">Sanz Mínguez, Carlos</subfield>
<subfield code="e">author</subfield>
</datafield>
<datafield tag="260" ind1=" " ind2=" ">
<subfield code="c">2009</subfield>
</datafield>
<datafield tag="520" ind1=" " ind2=" ">
<subfield code="a">Una exposición clara y rotunda sobre los daños ocasionados por el arado en la necrópolis de Las Ruedas, con una valoración de Martín Almagro Gorbea sobre la rehabilitación paisajística ensayada en este cementerio.</subfield>
</datafield>
<datafield tag="024" ind2=" " ind1="8">
<subfield code="a">Sanz Mínguez, Carlos, Romero Carnicero, Fernando (dirs.). Vaccea Anuario 2008. Valladolid : Centro de Estudios Vacceos "Federico Wattenberg", Universidad de Valladolid, 2009, pp. 62-70.</subfield>
</datafield>
<datafield tag="024" ind2=" " ind1="8">
<subfield code="a">978-84-7359-544-5</subfield>
</datafield>
<datafield tag="024" ind2=" " ind1="8">
<subfield code="a">http://uvadoc.uva.es/handle/10324/3306</subfield>
</datafield>
<datafield tag="024" ind2=" " ind1="8">
<subfield code="a">62</subfield>
</datafield>
<datafield tag="024" ind2=" " ind1="8">
<subfield code="a">70</subfield>
</datafield>
<datafield tag="024" ind2=" " ind1="8">
<subfield code="a">Vaccea Anuario 2008</subfield>
</datafield>
<datafield ind1=" " ind2=" " tag="653">
<subfield code="a">Vacceos</subfield>
</datafield>
<datafield ind1=" " ind2=" " tag="653">
<subfield code="a">Yacimientos arqueológicos - Padilla de Duero (Valladolid)</subfield>
</datafield>
<datafield ind1=" " ind2=" " tag="653">
<subfield code="a">Necrópolis - España - Valladolid (Provincia)</subfield>
</datafield>
<datafield tag="245" ind1="0" ind2="0">
<subfield code="a">Las Ruedas de Pintia. Rehabilitar la necrópolis, recuperar la memoria</subfield>
</datafield>
</record></metadata></record></GetRecord></OAI-PMH>